000 01239pam a2200409 a 4500
999 _c1659
_d1659
001 016969034
003 ALUPE UNIVERSITY
005 20210629094310.0
008 080103r20092008onca b 001 0 eng
020 _a9780321476661
020 _a0321476662
035 _a(OCoLC)190965410
_z(OCoLC)225872430
035 _a(UkLUC)001202640
035 _a(UkLCURL)704253605
_z(UkLCURL)10001202640
035 _a(StEdNL)4253605
038 _aOCoLC
040 _aNLC
_beng
_cALUPE UNIVERSITY
_dUAB
043 _an-cn---
049 _lo
050 _aP 126
_b.C66 2009
055 0 1 _aP126
055 0 0 _aP126
_bC66 2008 fol.
082 0 _a410
_222
090 _aNLS
_bPB6.209.217/1
245 0 0 _aContemporary linguistic analysis :
_ban introduction /
_cedited by William O'Grady and John Archibald.
250 _a6th ed.
260 _aToronto :
_bPearson Longman,
_cc2009 [i.e. 2008]
300 _axiv, 576 p. :
_bill. ;
_c26 cm.
500 _aIncludes indexes.
500 _aIncludes access code to a companion website.
504 _aIncludes bibliographical references.
650 0 _aLinguistics
_vTextbooks.
700 1 _aArchibald, John.
700 1 _aO'Grady, William.
942 _2lcc
_cBK
_nPW